| 000 | 00884nam a22002177a 4500 | ||
|---|---|---|---|
| 999 |
_c18448 _d18448 |
||
| 003 | AR-CdUCM | ||
| 008 | 190514b ||||| |||| 00| 0 spa d | ||
| 040 |
_aMUNICIPALIDAD PROVINCIAL DEL CUSCO _cBIBLIOTECA MUNICIPAL DEL CUSCO |
||
| 082 |
_a345.7 / _bL83 |
||
| 100 |
_aLópez de Oñate, Flavio _939052 |
||
| 245 | _aLa certeza del derecho / | ||
| 260 |
_aBuenos Aires : _bJurídicas Europa-América, _c1953. |
||
| 300 |
_a212 páginas ; _c23 cm. |
||
| 440 |
_aCiencia del progreso ; _n22 _939053 |
||
| 505 | _aContenido: La crisis de nuestra época -- La crisis del derecho -- Concepto y fundamento de la certeza del derecho -- Las amenazas de hecho contra la certeza del derecho ... | ||
| 650 |
_aCerteza del derecho _939054 |
||
| 650 |
_aNorma de la sociedad _939055 |
||
| 700 |
_aSentís Melendo, Santiago (traductor) _939056 |
||
| 942 |
_2ddc _cLIBROS |
||
| 945 |
_aacv _d2019-05-14 |
||